| 000 | 00607nam a22001817a 4500 | ||
|---|---|---|---|
| 005 | 20130726172718.0 | ||
| 008 | 130726b xxu||||| |||| 00| 0 eng d | ||
| 020 |
_a8174090614 _c315.00 |
||
| 035 | _aMeeting 24.7.13 | ||
| 040 | _aDPL | ||
| 100 | _aGarg, Santosh Kumar | ||
| 245 |
_aHydrology and water resource engineering / _cby Santosh Kumar Garg |
||
| 260 |
_aNew Delhi _bKhanna Publishers _c2013 |
||
| 270 |
_a4575/15, Onkar House, Opp.Happy School, Daryaganj _bNew Delhi _e110002 |
||
| 300 |
_axxiii,862p. _c22cm(pbk) |
||
| 500 | _aIncludes bibliographical reference and index | ||
| 942 |
_2ddc _cEN _mGAR |
||
| 999 |
_c78119 _d78119 |
||